Statistiques concernant Pays dans des carrés aléatoires sur la carte du monde

Cliquez ici pour prendre le quiz!

Statistiques générales

  • Ce quiz a été pris 89 130 fois
    (70 967 depuis la dernière actualisation)
  • Le résultat moyen est 17 sur 20

Réponses sur la Carte

Les réponses sont colorées sur une échelle allant du rouge au vert en fonction du pourcentage des utilisateurs qui les ont devinées à leur premier essai. Vous pouvez retrouver ces pourcentages ci-dessous.
 

Statistiques - réponses

Box% Correct
États-Unis | Canada
99%
Portugal | Espagne | France | Andorre | Monaco | Royaume-Uni | Italie | Suisse | Liechtenstein | Autriche | Allemagne | Belgique | Pays-Bas | Luxembourg
99%
États-Unis | Canada
98%
États-Unis | Canada
98%
États-Unis | Mexique
98%
Colombie | Venezuela | Brésil | Guyana | France | Trinité-et-Tobago | Suriname
97%
États-Unis | Canada
97%
États-Unis | Canada
97%
États-Unis | Canada
97%
États-Unis | Mexique
97%
Norvège | Suède | Finlande | Russie | Estonie | Lettonie | Lituanie | Biélorussie | Ukraine | Pologne | Danemark | Allemagne
97%
Canada
96%
Canada
96%
Canada
96%
Canada | Danemark
96%
Espagne | Portugal | Maroc | Mauritanie | Algérie | Tunisie | Mali | Libye
96%
États-Unis | Bahamas
96%
Irlande | Royaume-Uni | Belgique | Pays-Bas | Allemagne | Danemark | Norvège
96%
Mexique | Guatemala | Salvador | Belize
96%
Allemagne | Slovaquie | République Tchèque | Pologne | Ukraine | Moldavie | Roumanie | Bulgarie | Grèce | Turquie | Macédoine du Nord | Italie | Vatican | Saint-Marin | Slovénie | Autriche | Hongrie | Croatie | Bosnie-Herzégovine | Albanie | Monténégro | Kosovo | Serbie
95%
Canada
95%
Canada | Danemark
95%
Canada | Danemark
95%
Norvège | Suède | Finlande | Russie
95%
Russie | Chine | Japon
95%
Russie | Finlande | Biélorussie | Ukraine | Kazakhstan
95%
Canada
94%
Costa Rica | Panama | Colombie | Venezuela | Brésil | Pérou | Équateur | Nicaragua
94%
États-Unis
94%
États-Unis
94%
Inde | Bangladesh
94%
Russie
94%
Russie
94%
Russie
94%
Russie | Chine | Mongolie
94%
Russie | Chine | Mongolie | Corée du Sud | Corée du Nord
94%
Russie | Kazakhstan
94%
Russie | Kazakhstan | Kirghizistan | Tadjikistan | Ouzbékistan | Afghanistan | Chine | Mongolie
94%
Tunisie | Italie | Malte | Grèce | Turquie | Égypte | Libye | Algérie
94%
Argentine | Uruguay | Brésil
93%
Brésil
93%
Cuba | Bahamas | République Dominicaine | Haïti | Jamaïque | Belize | Guatemala | Honduras | Salvador | Nicaragua | Costa Rica | Colombie | Venezuela | Pays-Bas | Mexique
93%
Russie
93%
Russie
93%
Russie
93%
Russie
93%
Russie
93%
Russie | Chine
93%
Russie | Kazakhstan
93%
Russie | Mongolie
93%
Ukraine | Russie | Arménie | Géorgie | Azerbaïdjan | Turquie | Iran | Kazakhstan
93%
Brésil | Bolivie | Pérou
92%
Brésil | Paraguay | Argentine | Chili | Bolivie | Pérou
92%
Cap-Vert | Maroc | Mauritanie | Mali | Sénégal | Gambie | Guinée | Guinée-Bissau
92%
Chili | Argentine
92%
Inde | Bangladesh | Birmanie | Thaïlande | Laos | Chine | Viêt Nam | Cambodge
92%
Pérou | Bolivie | Chili | Argentine
92%
Russie
92%
Russie | Kazakhstan | Turkménistan | Tadjikistan | Ouzbékistan | Iran | Kirghizistan | Afghanistan
92%
Australie
91%
Brésil
91%
Chine | Taïwan | Corée du Sud | Japon
91%
Équateur | Pérou | Brésil | Colombie | Bolivie
91%
Maroc | Mauritanie | Espagne
91%
République Dominicaine | États-Unis | Grenade | Trinité-et-Tobago | Antigua-et-Barbuda | Saint-Christophe- et-Niévès | Saint-Vincent-et-les-Grenadines | Barbade | Venezuela | Pays-Bas | France | Sainte-Lucie | Dominique
91%
Russie
91%
Russie
91%
Afrique du Sud | Lesotho
90%
Australie
90%
Australie
90%
Australie | Indonésie | Papouasie-Nouvelle-Guinée
90%
Chili | Argentine
90%
Chili | Argentine | Royaume-Uni
90%
Chine | Bhoutan | Bangladesh | Inde | Birmanie
90%
Kenya | Tanzanie | Mozambique | Comores | Madagascar | Malawi | Zambie | France
90%
Malawi | Mozambique | Madagascar | Zimbabwe | Eswatini | Afrique du Sud
90%
Tadjikistan | Pakistan | Afghanistan | Inde | Chine | Népal | Bangladesh | Bhoutan
90%
Turquie | Syrie | Chypre | Égypte | Israël | Liban | Jordanie | Arabie Saoudite | Koweït | Irak | Iran | Bahreïn | Qatar
90%
Algérie | Mali | Mauritanie | Guinée | Burkina Faso | Ghana | Togo | Bénin | Nigeria | Niger
89%
Australie
89%
Australie | Vanuatu | France
89%
Égypte | Soudan | Soudan du Sud | Érythrée | Djibouti | Somalie | Éthiopie | Arabie Saoudite | Yémen
89%
Australie | Indonésie | Timor Oriental
88%
Danemark | Islande
88%
Guinée | Liberia | Côte d'Ivoire | Mali | Burkina Faso | Ghana | Togo | Bénin | Nigeria | Cameroun | Gabon | Sao Tomé-et-Principe | Guinée Équatoriale
88%
Japon
88%
Libye | Égypte | Soudan | Tchad | Nigeria | Niger | Cameroun | Algérie | République Centrafricaine
87%
Soudan | Soudan du Sud | République Démocratique du Congo | République du Congo | Rwanda | Ouganda | République Centrafricaine | Tchad | Cameroun | Nigeria | Gabon | Guinée Équatoriale | Burundi | Tanzanie
86%
Australie
85%
Iran | Turkménistan | Afghanistan | Pakistan | Tadjikistan | Ouzbékistan | Qatar | Arabie Saoudite | Émirats Arabes Unis | Oman | Inde
84%
Soudan | Soudan du Sud | Éthiopie | Kenya | Ouganda | Tanzanie | Somalie | République Démocratique du Congo
84%
Brésil
83%
Inde | Sri Lanka | Maldives
83%
Namibie | Angola | Zambie | Zimbabwe | Afrique du Sud | Lesotho | Botswana
83%
Viêt Nam | Cambodge | Birmanie | Malaisie | Thaïlande | Singapour | Indonésie
83%
Arabie Saoudite | Émirats Arabes Unis | Oman | Yémen | Inde | Pakistan
82%
États-Unis
82%
République du Congo | République Démocratique du Congo | Burundi | Rwanda | Tanzanie | Angola | Zambie | Zimbabwe | Mozambique | Gabon
82%
Chine | Taïwan | Philippines
81%
Australie
80%
Islande | Irlande
80%
Philippines | Brunei | Malaisie | Indonésie
79%
Danemark
78%
Nouvelle-Zélande
77%
Nouvelle-Zélande
76%
Danemark
75%
Indonésie
72%
Nouvelle-Zélande
70%
Palaos | États Fédérés de Micronésie | Indonésie
68%
Maurice | France
67%
Guinée | Sierra Leone | Liberia
61%
Kiribati | Tuvalu | Samoa | Fidji
57%
États Fédérés de Micronésie | Nauru | Îles Marshall | Kiribati
55%
Fidji | Tonga
52%
Papouasie-Nouvelle-Guinée | Îles Salomon | Vanuatu
50%
Kiribati | Îles Marshall
46%
Seychelles
46%
Kiribati
40%
Portugal
39%
Kiribati
38%
Équateur
33%
Îles Marshall
33%
Îles Marshall
32%

Distribution des résultats

Percentile par nombre de réponses

% des personnes avec chaque résultat

Votre développement - résultats

Vous n’avez pas pris ce quiz depuis la dernière actualisation